000 00947nam a22002291i 4500
001 000030453
003 RuMoIPM
005 20260430113354.0
008 130416s1961----ur | cbrus
040 _aRuMoIPM
_brus
_ercr
041 1 _arus
_heng
080 _a51(092)
100 1 _aОре, Ойстин
245 1 _aЗамечательный математик Нильс Хенрик Абель.
_cО. Оре ; Пер. с англ. Ю. С. Родман ; Под ред. А. М. Яглома
260 _aМосква
_bФизматгиз
_c1961
300 _a343 с., [9] л. ил.
500 _aНа обороте тит. л.: Niels Henrik Abel matematician extraordinary. Oystein Ore. Minneapolis, Univ. of Minnesota press
600 1 _aАбель, Нильс Хенрик
_d[1802-1829]
700 1 _aЯглом, Исаак Моисеевич
_eред.
700 1 _aРодман, Юни Самуиловна
_eпер.
942 _cBK
999 _c30453
_d30453